| 000 | 00961nam a2200229 a 4500 | ||
|---|---|---|---|
| 005 | 20180803170332.0 | ||
| 008 | 160922b2006 ck ad|||r|||| 00| 0 spa d | ||
| 020 | _a9789589778531 | ||
| 040 |
_aCO-BoIAVH _cCO-BoIAVH |
||
| 041 | 0 | _aspa | |
| 044 | _ack | ||
| 082 | 0 | 4 |
_a333.7513 _bC71g |
| 110 | 1 |
_aColombia _bMinisterio de Ambiente, Vivienda y Desarrollo Territorial |
|
| 245 | 1 | 0 |
_aGuía ambiental del subsector fiquero / _cMinisterio de Ambiente, Vivienda y Desarrollo Territorial |
| 260 |
_aBogotá, Colombia : _bMinisterio de Ambiente, Vivienda y Desarrollo Territorial, _c2006. |
||
| 300 |
_a121 páginas : _bilustraciones, tablas y gráficas ; _c28 x 21 cm. |
||
| 504 | _aIncluye referencias bibliográficas. | ||
| 650 | 2 | 4 |
_aFique _xAspectos ambientales _zColombia _vGuías |
| 650 | 2 | 4 |
_aFique _xcultivo _xbuenas prácticas _vGuías |
| 710 | 1 |
_aColombia _bMinisterio de Agricultura y Desarrollo Rural |
|
| 942 |
_2ddc _cLIBRO |
||
| 999 |
_c19045 _d19045 |
||